[Event "Espalion op 1st"]
[Site "Espalion"]
[Date "2016.07.14"]
[Round "7"]
[White "Tagnon, Nicole"]
[Black "Alnakshbandi, Raed"]
[Result "1/2-1/2"]
[WhiteElo "1935"]
[BlackElo "1824"]
[PlyCount "138"]
[EventDate "2016.07.09"]
[EventType "swiss"]
[EventRounds "9"]
[EventCountry "FRA"]
[SourceTitle "CBM 173 Extra"]
[Source "ChessBase"]
[SourceDate "2016.08.29"]
[SourceVersion "1"]
[SourceVersionDate "2016.08.29"]
[SourceQuality "1"]

1. e4 c5 2. Nf3 g6 3. d4 cxd4 4. Nxd4 Bg7 5. Nc3 a6 6. Bc4 Nc6 7. Be3 d6 8. Qd2 Bd7 9. Bb3 Qa5 10. 0-0 h5 11. Rad1 Nh6 12. Nd5 Rc8 13. Qxa5 Nxa5 14. Nb6 Nxb3 15. axb3 Rd8 16. h3 Bc6 17. Nxc6 bxc6 18. c3 c5 19. Ra1 f5 20. f3 Rb8 21. Rxa6 Nf7 22. exf5 gxf5 23. f4 Nd8 24. Re1 Kf7 25. Nd5 Rxb3 26. Ra7 Rb7 27. Rea1 Rxa7 28. Rxa7 Re8 29. Bf2 Nc6 30. Rc7 Na5 31. Bh4 Bf8 32. b4 Ke6 33. Ne3 cxb4 34. cxb4 Nb3 35. Nc2 Rb8 36. Rc3 Nd2 37. Nd4+ Kd7 38. Rd3 Ne4 39. b5 e6 40. Rb3 Bg7 41. Nc6 Rb7 42. Be1 Nc5 43. Rb1 Nd3 44. Bd2 Bf6 45. Kf1 Bh4 46. Na5 Rb8 47. Nc6 Rb7 48. Nd4 Bf2 49. Nc6 Bc5 50. Na5 Rb8 51. Nc4 Nf2 52. b6 Ne4 53. Be1 Nf6 54. Bf2 Bxf2 55. Kxf2 h4 56. Kf3 Ne4 57. Rb2 Kc6 58. Na5+ Kd7 59. Ke3 Nc5 60. Kf3 Na4 61. Rb4 Nxb6 62. Rb1 Ra8 63. Rxb6 Rxa5 64. Rb7+ Kc6 65. Rh7 Ra3+ 66. Kf2 Ra2+ 67. Kf1 Ra1+ 68. Kf2 Ra2+ 69. Kf1 Ra1+ 1/2-1/2

[Event "Lyon op"]
[Site "Lyon"]
[Date "2015.04.19"]
[Round "6"]
[White "Guige, Richard"]
[Black "Alnakshbandi, Raed"]
[Result "1/2-1/2"]
[WhiteElo "1509"]
[BlackElo "1847"]
[PlyCount "102"]
[EventDate "2015.04.15"]
[EventType "swiss"]
[EventRounds "7"]
[EventCountry "FRA"]
[SourceTitle "EXT 2016"]
[Source "ChessBase"]
[SourceDate "2015.10.08"]
[SourceVersion "1"]
[SourceVersionDate "2015.10.08"]
[SourceQuality "1"]

1. e4 c5 2. Nc3 d6 3. g3 Nc6 4. Bg2 Nf6 5. Nf3 Bg4 6. d3 h6 7. Ne2 e5 8. c3 Be7 9. Be3 0-0 10. 0-0 Qd7 11. Qd2 Kh7 12. Ne1 g5 13. d4 cxd4 14. cxd4 Bxe2 15. Qxe2 exd4 16. Bd2 Qe6 17. Qd3 Kg8 18. f4 Nd7 19. Nf3 Nc5 20. Qe2 Nxe4 21. f5 Qd5 22. Nxg5 hxg5 23. Bxe4 Qe5 24. f6 Bxf6 25. Rf5 d3 26. Qg4 Qd4+ 27. Kh1 Ne5 28. Rxg5+ Ng6 29. Bc3 Qxe4+ 30. Qxe4 Bxg5 31. Qxd3 Be7 32. Rf1 Ne5 33. Qe4 f6 34. Rf5 Rad8 35. Qh4 Kg7 36. Qe4 Rd7 37. Rh5 Kf7 38. Qd5+ Ke8 39. Rf5 Nc6 40. h4 Kd8 41. h5 Kc7 42. Qe6 Ne5 43. h6 Rh8 44. Rh5 Bd8 45. Bb4 Rhh7 46. g4 Nf7 47. Bd2 Ng5 48. Bxg5 fxg5 49. Qc4+ Kb8 50. Qg8 Kc7 51. Qc4+ Kb8 1/2-1/2